| 000 -LEADER |
| fixed length control field |
00925nam a2200313Ia 4500 |
| 001 - CONTROL NUMBER |
| control field |
21476 |
| 003 - CONTROL NUMBER IDENTIFIER |
| control field |
GE_BSU |
| 005 - DATE AND TIME OF LATEST TRANSACTION |
| control field |
20211119155749.0 |
| 008 - FIXED-LENGTH DATA ELEMENTS--GENERAL INFORMATION |
| fixed length control field |
181216s ||||enk|||||||||||||| ||eng|| |
| 020 ## - INTERNATIONAL STANDARD BOOK NUMBER |
| International Standard Book Number |
9781292157597 |
| 040 ## - CATALOGING SOURCE |
| Transcribing agency |
GE_BSU |
| 041 ## - LANGUAGE CODE |
| Language code of text/sound track or separate title |
geo |
| 080 ## - UNIVERSAL DECIMAL CLASSIFICATION NUMBER |
| Universal Decimal Classification number |
005.93+640.41+338.488 W-20 |
| 100 ## - MAIN ENTRY--PERSONAL NAME |
| Personal name |
Walker, John R. |
| 9 (RLIN) |
12981 |
| 245 ## - TITLE STATEMENT |
| Title |
Introduction to Hospitality / |
| Statement of responsibility, etc. |
John R. Walker. |
| 250 ## - EDITION STATEMENT |
| Edition statement |
Seventh Edition |
| 264 ## - PRODUCTION, PUBLICATION, DISTRIBUTION, MANUFACTURE, AND COPYRIGHT NOTICE |
| Place of production, publication, distribution, manufacture |
Harlow : |
| Name of producer, publisher, distributor, manufacturer |
Pearson, |
| Date of production, publication, distribution, manufacture, or copyright notice |
2017. |
| 300 ## - PHYSICAL DESCRIPTION |
| Extent |
653 p. : |
| Other physical details |
ill. ; |
| Dimensions |
25 cm. |
| 500 ## - GENERAL NOTE |
| General note |
Index p. : 631-653 |
| 653 ## - INDEX TERM--UNCONTROLLED |
| keyword |
Introduction to Hospitality |
| 653 ## - INDEX TERM--UNCONTROLLED |
| keyword |
Менеджмент |
| 653 ## - INDEX TERM--UNCONTROLLED |
| keyword |
Домоводство |
| 653 ## - INDEX TERM--UNCONTROLLED |
| keyword |
Экономика |
| 653 ## - INDEX TERM--UNCONTROLLED |
| keyword |
მენეჯმენტი |
| 653 ## - INDEX TERM--UNCONTROLLED |
| keyword |
ეკონომიკა |
| 653 ## - INDEX TERM--UNCONTROLLED |
| keyword |
საყოფაცხოვრებო მეურნეობა |
| 942 ## - ADDED ENTRY ELEMENTS (KOHA) |
| Koha item type |
წიგნი |
| Source of classification or shelving scheme |
|